Banʻdhula / (Record no. 83813)

MARC details
000 -LEADER
fixed length control field 00636cam a2200217 a 4500
001 - CONTROL NUMBER
control field sa 68011254
003 - CONTROL NUMBER IDENTIFIER
control field DLC
005 - DATE AND TIME OF LATEST TRANSACTION
control field 20260227112559.0
008 - FIXED-LENGTH DATA ELEMENTS--GENERAL INFORMATION
fixed length control field 970906s1948 br ac b 000 0 bur
010 ## - LIBRARY OF CONGRESS CONTROL NUMBER
LC control number sa 68011254 /SA/r98
040 ## - CATALOGING SOURCE
Original cataloging agency DLC
Transcribing agency DLC
Modifying agency DLC
043 ## - GEOGRAPHIC AREA CODE
Geographic area code a-br---
050 00 - LIBRARY OF CONGRESS CALL NUMBER
Classification number DS485.B88
Item number T5 1948
100 0# - MAIN ENTRY--PERSONAL NAME
Personal name Sinʻʺ Monʻ,
Titles and words associated with a name Ū,
Dates associated with a name 1898-
245 10 - TITLE STATEMENT
Title Banʻdhula /
Statement of responsibility, etc. Ūʺ Sinʻʺ Monʻ reʺ saññ.
260 ## - PUBLICATION, DISTRIBUTION, ETC.
Place of publication, distribution, etc. Ranʻkunʻ Mruiʹ :
Name of publisher, distributor, etc. Sanʻ toʻ chanʻʹ,
Date of publication, distribution, etc. 1948.
300 ## - PHYSICAL DESCRIPTION
Extent 136 p. :
Other physical details ill., ports. ;
Dimensions 19 cm.
500 ## - GENERAL NOTE
General note In Burmese.
504 ## - BIBLIOGRAPHY, ETC. NOTE
Bibliography, etc. note Bibliography: p.12-13.
600 00 - SUBJECT ADDED ENTRY--PERSONAL NAME
Personal name Banʻdhula,
Titles and other words associated with a name Mahā
Dates associated with a name 1782-1825.

No items available.

Powered by Koha